000
00479nam a2200169Ia 4500
008
090711s9999 xx 000 0 und d
082
_b
28081
100
_a
मुसळे गोविंद
245
_a
अंधारलाटा
260
_c
1973
300
_a
160
600
_a
मुसळे गोविंद
630
_a
अंधारलाटा
700
_a
मुसळे गोविंद
730
_a
अंधारलाटा
942
_c
BOOK
999
_c
298857
_d
298857